<?xml version="1.0" encoding="UTF-8"?>
<record
    xmlns:xsi="http://www.w3.org/2001/XMLSchema-instance"
    xsi:schemaLocation="http://www.loc.gov/MARC21/slim http://www.loc.gov/standards/marcxml/schema/MARC21slim.xsd"
    xmlns="http://www.loc.gov/MARC21/slim">

  <leader>01089nam a22002777a 4500</leader>
  <controlfield tag="005">20100826122442.0</controlfield>
  <controlfield tag="008">090109t        xxu||||| |||| 00| 0urd d</controlfield>
  <datafield tag="010" ind1=" " ind2=" ">
    <subfield code="a">UR-8356</subfield>
  </datafield>
  <datafield tag="020" ind1=" " ind2=" ">
    <subfield code="c">12.00</subfield>
    <subfield code="a">978-81-237-4974-7</subfield>
  </datafield>
  <datafield tag="035" ind1=" " ind2=" ">
    <subfield code="a">U-6911</subfield>
  </datafield>
  <datafield tag="037" ind1=" " ind2=" ">
    <subfield code="b">DBAD/PUB</subfield>
  </datafield>
  <datafield tag="040" ind1=" " ind2=" ">
    <subfield code="a">DPL</subfield>
    <subfield code="b">urdu</subfield>
  </datafield>
  <datafield tag="082" ind1=" " ind2=" ">
    <subfield code="a">344.4501</subfield>
  </datafield>
  <datafield tag="100" ind1=" " ind2=" ">
    <subfield code="9">12785</subfield>
    <subfield code="a">&#x646;&#x6A9;&#x6BE;&#x6CC;&#x644; &#x688; &#x6D2; </subfield>
  </datafield>
  <datafield tag="245" ind1=" " ind2=" ">
    <subfield code="a">&#x631; &#x648; &#x632; &#x6AF;&#x627; &#x631; &#x6AF;&#x627; &#x631; &#x646;&#x679;&#x6CC; &#x642;&#x627; &#x646;&#x648; &#x646; /</subfield>
    <subfield code="c">&#x646;&#x6A9;&#x6BE;&#x6CC;&#x644; &#x688; &#x6D2; &#x60C; &#x62C;&#x6CC;&#x627; &#x6BA; &#x62F; &#x631; &#x6CC;&#x632; &#x60C; &#x631; &#x6CC;&#x62A;&#x6CC;&#x6A9;&#x627; &#x6A9;&#x6BE;&#x6CC;&#x631; &#x627; </subfield>
  </datafield>
  <datafield tag="246" ind1=" " ind2=" ">
    <subfield code="a">Rozgar Guarantee Adhiniyam Praveshika</subfield>
    <subfield code="b">by Nikhil Day</subfield>
  </datafield>
  <datafield tag="260" ind1=" " ind2=" ">
    <subfield code="a">&#x62F; &#x6C1;&#x644;&#x6CC; </subfield>
    <subfield code="b">&#x646;&#x6CC;&#x634;&#x646;&#x644; &#x628;&#x6A9; &#x679;&#x631; &#x633;&#x679; </subfield>
  </datafield>
  <datafield tag="270" ind1=" " ind2=" ">
    <subfield code="a">A-5, Green Park </subfield>
    <subfield code="b">Delhi </subfield>
    <subfield code="e">110016</subfield>
  </datafield>
  <datafield tag="300" ind1=" " ind2=" ">
    <subfield code="a">35 &#x635;</subfield>
    <subfield code="c">22  (Pb)</subfield>
  </datafield>
  <datafield tag="650" ind1=" " ind2=" ">
    <subfield code="9">12786</subfield>
  </datafield>
  <datafield tag="700" ind1=" " ind2=" ">
    <subfield code="9">55078</subfield>
    <subfield code="a">&#x62C;&#x6CC;&#x627; &#x6BA; &#x62F; &#x631; &#x6CC;&#x632; </subfield>
  </datafield>
  <datafield tag="700" ind1=" " ind2=" ">
    <subfield code="a">&#x631; &#x6CC;&#x62A;&#x6CC;&#x6A9;&#x627; &#x6A9;&#x6BE;&#x6CC;&#x631; &#x627; </subfield>
    <subfield code="9">55152</subfield>
  </datafield>
  <datafield tag="700" ind1=" " ind2=" ">
    <subfield code="a">&#x645;&#x62A;&#x631; &#x62C;&#x645; : &#x631; &#x636;&#x6CC; &#x627; &#x62D;&#x645;&#x62F; &#x646;&#x62F; &#x648; &#x6CC; </subfield>
    <subfield code="9">55153</subfield>
  </datafield>
  <datafield tag="942" ind1=" " ind2=" ">
    <subfield code="2">ddc</subfield>
    <subfield code="c">UR</subfield>
    <subfield code="h">344.4501</subfield>
    <subfield code="m">&#x646; &#x6A9; &#x6BE; </subfield>
  </datafield>
  <datafield tag="999" ind1=" " ind2=" ">
    <subfield code="c">73674</subfield>
    <subfield code="d">73674</subfield>
  </datafield>
  <datafield tag="952" ind1=" " ind2=" ">
    <subfield code="0">0</subfield>
    <subfield code="1">0</subfield>
    <subfield code="2">ddc</subfield>
    <subfield code="4">0</subfield>
    <subfield code="7">0</subfield>
    <subfield code="8">NFIC</subfield>
    <subfield code="a">DBAD</subfield>
    <subfield code="b">DBAD</subfield>
    <subfield code="d">2013-02-18</subfield>
    <subfield code="e">DBAD/PUB</subfield>
    <subfield code="g">16.00</subfield>
    <subfield code="l">0</subfield>
    <subfield code="o">344.4501 &#x646; &#x6A9; &#x6BE;</subfield>
    <subfield code="p">U-6911</subfield>
    <subfield code="r">2013-02-18 00:00:00</subfield>
    <subfield code="t">1</subfield>
    <subfield code="v">16.00</subfield>
    <subfield code="w">2013-02-18</subfield>
    <subfield code="y">UR</subfield>
  </datafield>
</record>
